000 00819nam a22001817a 4500
005 20120409124655.0
020 _c80.00
_a
035 _aA-991283
037 _b
_adpl
082 _a338.642
100 _aव्यास, राजेश कुमार
_944875
245 1 _aकैसे लगाएँ लघु उद्योग /
_cराजेश कुमार व्यास
260 _aनई दिल्ली
_bसुबोध पब्लिकेशन्स
_c2000
270 _a
_b
_e
_k
300 _a111पृ.
_c22सेमी (सजिल्द)
942 _adpl
_cHN
_k
_2ddc
_h338.642
_mव्यासरा
999 _c64787
_d64787